| 000 | 00871cab a2200265 4500 | ||
|---|---|---|---|
| 001 | WB3344-48 | ||
| 008 | 090401t1997 xxu||||| |||| 00| 0 eng d | ||
| 035 | _a(Sirsi) u82083 | ||
| 041 | _aeng | ||
| 245 | _aEnvironmentally friendly farming | ||
| 260 | _c1997 | ||
| 350 | _a0 | ||
| 490 |
_aMAFF News Release _v(347/97) 11 November 1997, (2) |
||
| 520 | _aA project to boost environmental farming for high quality food has been launched. The scheme is part of Balancing Environment and Agriculture in the Marches (BEAM). Details. | ||
| 650 | _aBALANCING ENVIRONMENT AND AGRICULTURE IN THE MARCHES | ||
| 650 | _aBEAM | ||
| 650 | _aENVIRONMENTAL PROTECTION | ||
| 650 | _aENVIRONMENTALLY FRIENDLY FARMING | ||
| 650 | _aFOOD QUALITY | ||
| 650 | _aMAFF | ||
| 650 | _aSUSTAINABLE AGRICULTURE | ||
| 690 | _aRURAL PRACTICE | ||
| 942 | _n0 | ||
| 948 | _c13/11/1997 | ||
| 999 |
_c51775 _d51775 |
||